Football Teams Gunnar Nordahl Played For - Statistics

General Stats
  • This quiz has been taken 18 times
  • The average score is 2 of 5
Answer Stats
League Years Team % Correct
Italy 1949-1956 AC Milan
91%
Italy 1956-1958 AS Roma
73%
Sweden 1944-1949 IFK Norrköping
27%
Sweden 1940-1944 Degerfors IF
18%
Sweden 1958-1960 Karlstad BK
18%
No matching quizzes found
Score Distribution
Percent of People with Each Score
Percentile by Number Answered
Your Score History
You have not taken this quiz